Parki Krajobrazowe w województwach Podlaskim i Lubelskim - Statystyki

Ogólne statystyki
  • Ten quiz został rozwiązany 37 razy
  • Średni wynik to 9 z 19
Statystyki odpowiedzi
Hint Odpowiedź % Poprawnych
Lubelskie Kazimierski Park Krajobrazowy
72%
Lubelskie Poleski Park Krajobrazowy
72%
Podlaskie Suwalski Park Krajobrazowy
72%
Podlaskie Łomżyński Park Krajobrazowy
61%
Lubelskie Chełmski Park Krajobrazowy
56%
Lubelskie Kozłowiecki Park Krajobrazowy
56%
Lubelskie Krasnobrodzki Park Krajobrazowy
56%
Podlaskie + Mazowieckie
+ Lubelskie
Park Krajobrazowy Podlaski Przełom Bugu
56%
Podlaskie Park Krajobrazowy Puszczy Knyszyńskiej
50%
Lubelskie Park Krajobrazowy Lasy Janowskie
44%
Lubelskie Szczebrzeszyński Park Krajobrazowy
44%
Lubelskie Park Krajobrazowy Puszczy Solskiej
39%
Lubelskie Nadwieprzański Park Krajobrazowy
28%
Lubelskie Skierbieszowski Park Krajobrazowy
28%
Lubelskie Sobiborski Park Krajobrazowy
28%
Lubelskie Strzelecki Park Krajobrazowy
28%
Lubelskie Park Krajobrazowy Pojezierze Łęczyńskie
22%
Lubelskie Wrzelowiecki Park Krajobrazowy
22%
Lubelskie Krzczonowski Park Krajobrazowy
17%
Nie znaleziono quizów pasujących do podanych kryteriów
Rozkład punktacji
Procent ludzi z każdym wynikiem
Percentyl według liczby udzielonych odpowiedzi
Twoja historia wyników
Nie rozwiązałeś tego quizu